000 00599nam a22002177a 4500
005 20250903123254.0
010 _aENG-146575
020 _c1155.00
_a9789354428272
035 _aEN-130107
037 _bDBAD
082 _a301.153
100 _aRAI DHANANJAY
_984582
245 _aDEBATING SWARAJ
_cDHANANJAY RAI
250 _a1
260 _aTelangana
_b orient blackswan private limited
_c2025
270 _a3-6-752 Himayatnagar ,hyderabad
_btelangana
_e110020
300 _a227p.
_c21(pb)
700 _984565
700 _984566
942 _2ddc
_cEN
_h301.153
_mdeb
_e1
999 _c213285
_d213285